书目信息 |
| 题名: |
海上蛟龙
|
|
| 作者: | 张玉坤 , 戴建军 编著 | |
| 分册: | ||
| 出版信息: | 北京 国防大学出版社 1998.3 |
|
| 页数: | 241页 | |
| 开本: | 19cm | |
| 丛书名: | 现代兵种与战争丛书 | |
| 单 册: | ||
| 中图分类: | E15-51 | |
| 科图分类: | ||
| 主题词: | 武装力量--世界 , 武装力量--世界--丛书 , 兵种--世界--丛书 , 军种--世界--丛书 | |
| 电子资源: | ||
| ISBN: | 7-5626-0788-5 | |
| 000 | 00834nam2 2200277 45 | |
| 001 | 0002220986 | |
| 005 | 20041118160159.3 | |
| 010 | @a7-5626-0788-5@dCNY12.00 | |
| 100 | @a20000222d1998 km y0chiy0120 ea | |
| 101 | @achi | |
| 105 | @a z 000yy | |
| 200 | 1 | @a海上蛟龙@AHai Shang Jiao Long@e水面舰艇兵@EShui Mian Jian Ting Bing@f张玉坤,戴建军编著@FZhang Yu Kun,Dai Jian Jun Bian Zhu |
| 210 | @a北京@c国防大学出版社@d1998.3 | |
| 215 | @a241页@d19cm | |
| 225 | @a现代兵种与战争丛书 | |
| 410 | @12001 @a现代兵种与战争丛书 | |
| 517 | @a水面舰艇兵 | |
| 606 | 0 | @a武装力量@y世界 |
| 606 | 0 | @a武装力量@y世界@x丛书 |
| 606 | 0 | @a兵种@y世界@x丛书 |
| 606 | 0 | @a军种@y世界@x丛书 |
| 690 | @aE15-51@v1 | |
| 701 | 0 | @a张玉坤@4编著 |
| 701 | 0 | @a戴建军@4编著 |
| 801 | @aCN@bTSTC@c20000222 | |
| 905 | @f5@b285065-069@dE15-51@e18:2 | |
| 海上蛟龙:水面舰艇兵/张玉坤,戴建军编著.-北京:国防大学出版社,1998.3 |
| 241页;19cm.-(现代兵种与战争丛书) |
| ISBN 7-5626-0788-5:CNY12.00 |
| ● |
| 相关链接 |
|
|
|
|
正题名:海上蛟龙
索取号:E15-51/18:2
 
预约/预借
| 序号 | 登录号 | 条形码 | 馆藏地/架位号 | 状态 | 备注 |
| 1 | 0285065 | 002850659 | 密集书库/ [索取号:E15-51/18:2] | 在馆 | |
| 2 | 0285066 | 002850668 | 第一借阅区/ [索取号:E15-51/18:2] | 在馆 | |
| 3 | 0285067 | 002850677 | 密集书库/ [索取号:E15-51/18:2] | 在馆 | |
| 4 | 0285068 | 002850686 | 第一借阅区/ [索取号:E15-51/18:2] | 在馆 | |
| 5 | 0285069 | 002850695 | 第一样本阅览室/ [索取号:E15-51/18:2] | 在馆 |